Výrobcov trápi dovoz
Textilný a odevný priemysel na Slovensku je pod silným tlakom hlavne ázijských výrobkov. Vývoz bez ciel už pred úniou. Výrobcovia vlnárskych tkanín utrpeli náhlym zvratom výkonnosti Ozety. opatrenia do budúcnosti v textilnom a odevnom priemysle - obmedzenie výroby aj počtu zamestnancov.
Uložené v:
| Hlavný autor: | |
|---|---|
| Médium: | Kapitola |
| Jazyk: | Slovak |
| Predmet: | |
| Tagy: |
Žiadne tagy, Buďte prvý, kto otaguje tento záznam!
|
MARC
| LEADER | 00000naa$a2200000$$$4500 | ||
|---|---|---|---|
| 001 | 0020152 | ||
| 005 | 20231107125339.3 | ||
| 041 | 0 | |a slo | |
| 044 | |a SK | ||
| 245 | 1 | 0 | |a Výrobcov trápi dovoz |c Juraj Lesay |
| 520 | |a Textilný a odevný priemysel na Slovensku je pod silným tlakom hlavne ázijských výrobkov. Vývoz bez ciel už pred úniou. Výrobcovia vlnárskych tkanín utrpeli náhlym zvratom výkonnosti Ozety. opatrenia do budúcnosti v textilnom a odevnom priemysle - obmedzenie výroby aj počtu zamestnancov. | ||
| 610 | 2 | 0 | |a priemysel odevný |
| 610 | 2 | 0 | |a priemysel textilný |
| 610 | 2 | 0 | |a obchod |
| 610 | 2 | 0 | |a Slovensko |
| 100 | 1 | |a Lesay, Juraj | |